| 000 | 00765nam a2200253 i 4500 | ||
|---|---|---|---|
| 001 | 18107 | ||
| 003 | ES-MaACL | ||
| 005 | 20250823100549.0 | ||
| 007 | t| | ||
| 008 | 010813s1997 sp ||||0| spa | ||
| 020 | _a84-7432-620-6 | ||
| 080 | _a78(091) | ||
| 100 | 1 |
_aDahlhaus, Carl. _942445 |
|
| 245 | 1 | 0 |
_aFundamentos de la historia de la música / _cpor Carl Dahlhaus ; [traducción, Nélida Machain]. |
| 250 | _a1ª ed. | ||
| 260 |
_aBarcelona : _bGedisa, _c1997. |
||
| 300 |
_a205 p ; _c23 cm. |
||
| 490 | 1 | _aHombre y sociedad. Cla-de-ma | |
| 650 | 4 |
_aMúsica- _vHistoria _915391 |
|
| 700 | 1 |
_aMachain, Nélida M. de. _975174 |
|
| 830 | 1 | 0 |
_aHombre y sociedad. _pCla-De-Ma _9225232 |
| 852 | 4 |
_aES-MaACL _jL-24837 |
|
| 999 |
_c18107 _d18107 |
||